<La> dichotomie entre sphere réelle et sphere financiere: problemes de mesure et d'énterprétation.

Syntetická správa, v ktorej sa porovnáva vývoj v USA, Japonsku, Nemecku a Francúzsku a reálne finančné aktivity. Dichotómia medzi reálnou a finančnou sférou a medzi vývojom dvoch sfér ako fenomén hlavne francúzsky? Ako vysvetliť prítomnosť alebo neprítomnosť dichotómie podľa krajín: Francúzsko-Japon...

Description complète

Enregistré dans:
Détails bibliographiques
Format: Chapitre de livre
Langue:français
Sujets:
Tags: Ajouter un tag
Pas de tags, Soyez le premier à ajouter un tag!

MARC

LEADER 00000naa a2200000 4500
001 r011404
005 20220913124934.2
041 0 |a fre 
044 |a FR 
245 1 0 |a <La> dichotomie entre sphere réelle et sphere financiere: problemes de mesure et d'énterprétation. 
520 |a Syntetická správa, v ktorej sa porovnáva vývoj v USA, Japonsku, Nemecku a Francúzsku a reálne finančné aktivity. Dichotómia medzi reálnou a finančnou sférou a medzi vývojom dvoch sfér ako fenomén hlavne francúzsky? Ako vysvetliť prítomnosť alebo neprítomnosť dichotómie podľa krajín: Francúzsko-Japonsko, Francúzsko-SRN a Francúzsko-USA. Vysvetlenie dichotómie, ktoré si možno osvojiť. Závery. (Les Notes bleues 1992, č.604-605.). 
610 2 0 |a politika finančná 
610 2 0 |a porovnanie štatistické medzinárodné 
610 2 0 |a Francúzsko 
610 2 0 |a metodológia 
610 2 0 |a Nemecko 
610 2 0 |a Japonsko 
610 2 0 |a USA 
610 2 0 |a ukazovatele štatistické